<?xml version="1.0" encoding="UTF-8"?>
<record
    xmlns:xsi="http://www.w3.org/2001/XMLSchema-instance"
    xsi:schemaLocation="http://www.loc.gov/MARC21/slim http://www.loc.gov/standards/marcxml/schema/MARC21slim.xsd"
    xmlns="http://www.loc.gov/MARC21/slim">

  <leader>01955cmm a2200349 i 4500</leader>
  <controlfield tag="001">768714001</controlfield>
  <controlfield tag="003">CO-MdFUSB</controlfield>
  <controlfield tag="005">20250731105753.0</controlfield>
  <controlfield tag="007">cr aa aaaaa</controlfield>
  <controlfield tag="008">160603s2015    c  ||||fsm||| 000 0 spa d</controlfield>
  <datafield tag="040" ind1=" " ind2=" ">
    <subfield code="a">CO-MdFUSB</subfield>
    <subfield code="b">Espa&#xF1;ol</subfield>
    <subfield code="c">CO-MdFUSB</subfield>
    <subfield code="d">CO-MdFUSB</subfield>
  </datafield>
  <datafield tag="041" ind1=" " ind2=" ">
    <subfield code="a">spa</subfield>
  </datafield>
  <datafield tag="043" ind1=" " ind2=" ">
    <subfield code="a">ck</subfield>
  </datafield>
  <datafield tag="084" ind1=" " ind2=" ">
    <subfield code="a">T CD0059</subfield>
  </datafield>
  <datafield tag="100" ind1=" " ind2=" ">
    <subfield code="a">Cardona S&#xE1;nchez, Rub&#xE9;n</subfield>
    <subfield code="e">autor</subfield>
  </datafield>
  <datafield tag="245" ind1="1" ind2="3">
    <subfield code="a">El texto hecho texto :</subfield>
    <subfield code="b">un an&#xE1;lisis intertextual del discurso narrativo de Oseas</subfield>
    <subfield code="c">/ Rub&#xE9;n Cardona S&#xE1;nchez ; asesorado por Milton Acosta</subfield>
    <subfield code="h">[electr&#xF3;nico]</subfield>
  </datafield>
  <datafield tag="264" ind1=" " ind2="0">
    <subfield code="a">Medell&#xED;n, Colombia :</subfield>
    <subfield code="b">FUSBC,</subfield>
    <subfield code="c">&#x2117;2015</subfield>
  </datafield>
  <datafield tag="300" ind1=" " ind2=" ">
    <subfield code="a">49 p&#xE1;ginas</subfield>
  </datafield>
  <datafield tag="336" ind1=" " ind2=" ">
    <subfield code="2">rdacontent</subfield>
    <subfield code="a">texto</subfield>
    <subfield code="b">txt</subfield>
  </datafield>
  <datafield tag="337" ind1=" " ind2=" ">
    <subfield code="2">rdamedia</subfield>
    <subfield code="a">inform&#xE1;tico</subfield>
    <subfield code="b">c</subfield>
  </datafield>
  <datafield tag="338" ind1=" " ind2=" ">
    <subfield code="2">rdacarrier</subfield>
    <subfield code="a">remoto</subfield>
    <subfield code="b">cr</subfield>
  </datafield>
  <datafield tag="502" ind1=" " ind2=" ">
    <subfield code="a">Trabajo de grado</subfield>
    <subfield code="b">Teolog&#xED;a -</subfield>
    <subfield code="c">(Fundaci&#xF3;n Universitaria Seminario B&#xED;blico de Colombia)</subfield>
    <subfield code="d">; 2015</subfield>
  </datafield>
  <datafield tag="505" ind1=" " ind2=" ">
    <subfield code="a">El texto hecho texto  -- El concepto de intertextualidad -- La intertextualidad y los estudios b&#xED;blicos -- La intertextualidad, la ex&#xE9;gesis intra-b&#xED;blica y la cr&#xED;tica textual -- La hermen&#xE9;utica de Oseas -- El &#xC9;xodo: Fundamento discursivo del libro de Oseas -- El texto de Oseas y sus rastros intertextuales -- El texto de Oseas y el lector b&#xED;blico contempor&#xE1;neo</subfield>
  </datafield>
  <datafield tag="506" ind1=" " ind2=" ">
    <subfield code="a">Pr&#xE9;stamo interno</subfield>
    <subfield code="b">Consulta en sala</subfield>
  </datafield>
  <datafield tag="520" ind1=" " ind2=" ">
    <subfield code="a">El texto hecho texto conlleva a pensar en una transformaci&#xF3;n, tanto de tipo textual como de tipo simb&#xF3;lico o conceptual. No solo se toma un texto para desarrollar otro texto, sino que tambi&#xE9;n un concepto o s&#xED;mbolo puede ser utilizado para un desarrollo posterior de otro pensamiento. Esto es precisamente lo que se puede encontrar en las Sagradas Escrituras.</subfield>
  </datafield>
  <datafield tag="535" ind1=" " ind2=" ">
    <subfield code="a">Recurso en REPCI</subfield>
  </datafield>
  <datafield tag="630" ind1="0" ind2="7">
    <subfield code="a">Biblia.</subfield>
    <subfield code="p">Antiguo Testamento</subfield>
  </datafield>
  <datafield tag="630" ind1=" " ind2="7">
    <subfield code="a">Biblia.</subfield>
    <subfield code="p">Oseas</subfield>
    <subfield code="x">Cr&#xED;tica, interpretaci&#xF3;n, etc.</subfield>
  </datafield>
  <datafield tag="700" ind1=" " ind2=" ">
    <subfield code="9">93</subfield>
    <subfield code="a">Acosta, Milton</subfield>
    <subfield code="e">Asesor</subfield>
  </datafield>
  <datafield tag="856" ind1=" " ind2=" ">
    <subfield code="a">REPCI</subfield>
    <subfield code="u">https://repositorio.repci.co/handle/123456789/693</subfield>
  </datafield>
  <datafield tag="942" ind1=" " ind2=" ">
    <subfield code="c">TG</subfield>
  </datafield>
  <datafield tag="952" ind1=" " ind2=" ">
    <subfield code="0">0</subfield>
    <subfield code="1">0</subfield>
    <subfield code="2">ddc</subfield>
    <subfield code="4">0</subfield>
    <subfield code="7">0</subfield>
    <subfield code="8">TG</subfield>
    <subfield code="a">FUSBC</subfield>
    <subfield code="b">FUSBC</subfield>
    <subfield code="c">RE</subfield>
    <subfield code="d">2024-04-10</subfield>
    <subfield code="l">0</subfield>
    <subfield code="o">T CD0059</subfield>
    <subfield code="p">22674</subfield>
    <subfield code="r">2019-12-12 00:00:00</subfield>
    <subfield code="t">Ej. 1</subfield>
    <subfield code="u">https://repositorio.repci.co/handle/123456789/693</subfield>
    <subfield code="w">2016-06-03</subfield>
    <subfield code="y">TG</subfield>
    <subfield code="z">RECURSO EN REPCI- Seguir el link de acceso</subfield>
    <subfield code="A">1</subfield>
    <subfield code="B"></subfield>
  </datafield>
  <datafield tag="999" ind1=" " ind2=" ">
    <subfield code="c">63720</subfield>
    <subfield code="d">63720</subfield>
  </datafield>
</record>
